Sơn Nam tìm hiểu đất Hậu Giang & lịch sử đất An Giang

Guardat en:
Dades bibliogràfiques
Autor principal: Sơn Nam
Format: Llibre
Idioma:Undetermined
Publicat: Thành phố Hồ Chí Minh Trẻ 2003
Matèries:
Etiquetes: Afegir etiqueta
Sense etiquetes, Sigues el primer a etiquetar aquest registre!
Thư viện lưu trữ: Trung tâm Học liệu Trường Đại học Cần Thơ
LEADER 00621nam a2200205Ia 4500
001 CTU_93179
008 210402s9999 xx 000 0 und d
020 |c 52000 
082 |a 915.97 
082 |b S464 
100 |a Sơn Nam 
245 0 |a Sơn Nam tìm hiểu đất Hậu Giang & lịch sử đất An Giang 
245 0 |c Sơn Nam 
260 |a Thành phố Hồ Chí Minh 
260 |b Trẻ 
260 |c 2003 
650 |a South vietnam,Vietnam 
650 |x Description and travel,Economic geography 
904 |i Tuyến,Hải 
980 |a Trung tâm Học liệu Trường Đại học Cần Thơ